| 000 | 01010nam a2200229Ia 4500 | ||
|---|---|---|---|
| 003 | Ost | ||
| 005 | 20260507075255.0 | ||
| 008 | 260507s9999||||xx |||||||||||||| ||und|| | ||
| 020 | _a978995355748 | ||
| 040 | _cfsecg | ||
| 041 | _aara | ||
| 082 | _a330 | ||
| 100 |
_aملاك، وسام _eمؤلف |
||
| 245 | 0 |
_aتطور الفكر الاقتصادي : _bالنيوكلاسيكية والحدية والهجوم النيوكلاسيكي المضاد / _c وسام ملاك |
|
| 260 |
_aعمان: _bدار المنهل اللبناني, _c2012 |
||
| 300 |
_a779 صفحة؛ _c25 سم |
||
| 520 | _a-النيوكلاسيكية في مراحلها الاولى،الاجتياح الحدي والنظرية النيوكلاسيكية حول النقد والفائدة والأجور والاستخدام،الهجوم النيوكلاسيكي المضاد. | ||
| 653 | _aالاقتصاد | ||
| 653 | _aالإقتصاد الكلاسيكي | ||
| 653 | _aالفكر الإقتصادي | ||
| 942 | _cكتاب | ||
| 999 |
_c43727 _d43727 |
||